[Event "Dubai op-A 25th"]
[Site "Dubai"]
[Date "2025.05.27"]
[Round "1"]
[White "Roebers, Eline"]
[Black "Ilamparthi, AR."]
[Result "1/2-1/2"]
[WhiteElo "2361"]
[BlackElo "2469"]
[PlyCount "138"]
[EventDate "2025.05.27"]
[EventType "swiss"]
[EventRounds "9"]
[EventCountry "UAE"]
[SourceTitle "CB23_2025"]
[SourceDate "2025.06.04"]
[SourceVersion "1"]
[SourceVersionDate "2025.06.04"]
[SourceQuality "1"]

1. d4 d6 2. e4 Nf6 3. Nc3 e5 4. Nf3 Nbd7 5. Bc4 Be7 6. 0-0 0-0 7. a4 c6 8. Re1 h6 9. h3 Re8 10. a5 Qc7 11. Ba2 Bf8 12. Be3 exd4 13. Bxd4 Ne5 14. Nh4 Be6 15. f4 Ned7 16. Qf3 Bxa2 17. Rxa2 Re6 18. g4 Rae8 19. Nf5 g6 20. Ng3 Bg7 21. Raa1 b5 22. axb6 axb6 23. Rad1 R6e7 24. h4 Nh7 25. Bxg7 Kxg7 26. Re2 b5 27. b4 Nb6 28. g5 Nc4 29. Kg2 d5 30. gxh6+ Kh8 31. Rde1 d4 32. Nd1 Ra8 33. e5 Ra3 34. Qg4 Re8 35. e6 Nf6 36. Qg5 Nd5 37. exf7 Rxe2+ 38. Rxe2 Qxf7 39. Qd8+ Kh7 40. Re8 Qf6 41. Qxf6 Nxf6 42. Re6 Nd5 43. Rxc6 Nxf4+ 44. Kf2 Nh3+ 45. Kg2 Nf4+ 46. Kf2 Ne3 47. Kf3 Ned5+ 48. Kg4 d3 49. h5 d2 50. hxg6+ Nxg6 51. Rd6 Nge7 52. Nf5 Ra1 53. Nxe7 Rxd1 54. Rxd5 Rg1+ 55. Kf3 d1Q+ 56. Rxd1 Rxd1 57. Nc6 Rd2 58. Na7 Rxc2 59. Nxb5 Rb2 60. Ke4 Rxb4+ 61. Nd4 Kxh6 62. Kd5 Kg6 63. Ke4 Ra4 64. Kd5 Kf6 65. Ke4 Ra5 66. Kf4 Re5 67. Nf3 Rf5+ 68. Ke4 Rxf3 69. Kxf3 Ke5 1/2-1/2

[Event "Sharjah Masters-A 8th"]
[Site "Sharjah"]
[Date "2025.05.25"]
[Round "9"]
[White "Dai, Changren"]
[Black "Ilamparthi, AR."]
[Result "1-0"]
[WhiteElo "2531"]
[BlackElo "2469"]
[PlyCount "111"]
[EventDate "2025.05.17"]
[EventType "swiss"]
[EventRounds "9"]
[EventCountry "UAE"]
[SourceTitle "CB22_2025"]
[SourceDate "2025.05.28"]
[SourceVersion "1"]
[SourceVersionDate "2025.05.28"]
[SourceQuality "1"]

1. d4 d5 2. c4 e6 3. Nf3 Nf6 4. Nc3 c5 5. cxd5 cxd4 6. Qxd4 exd5 7. Bg5 Nc6 8. Bxf6 Nxd4 9. Bxd8 Nxf3+ 10. exf3 Kxd8 11. 0-0-0 Bd7 12. Bb5 Bc6 13. Bc4 Kc7 14. Bxd5 Bc5 15. Bxf7 Bxf2 16. Bd5 Be8 17. Be4 Rc8 18. Rd3 g6 19. Rhd1 Rf8 20. Bd5 Kb6 21. Kb1 Bc5 22. Be6 Rc6 23. Bd7 Bxd7 24. Rxd7 Ka6 25. Rxh7 Rfc8 26. Rhd7 b5 27. Ne4 Bf8 28. Rd8 Kb6 29. Rxc8 Rxc8 30. a3 a5 31. Rd5 Rc6 32. Nc3 b4 33. axb4 Bxb4 34. Ne4 a4 35. Rd3 Kb5 36. Nc3+ Kc4 37. Kc2 Re6 38. Ne4 Ra6 39. Nd2+ Kc5 40. Re3 Rc6 41. Rd3 Ra6 42. h3 Re6 43. Ne4+ Kc4 44. Rd8 Re7 45. Ra8 Kb5 46. Rc8 Re5 47. Kd3 Rd5+ 48. Ke2 Rd4 49. h4 Be7 50. g3 Rb4 51. Kd3 Ka6 52. Rc6+ Kb5 53. Re6 Bf8 54. Nc3+ Ka5 55. Kc2 Rd4 56. Rxg6 1-0

[Event "Sharjah Masters-A 8th"]
[Site "Sharjah"]
[Date "2025.05.24"]
[Round "8"]
[White "Ilamparthi, AR."]
[Black "Ahmadzada, Ahmad Samir"]
[Result "1-0"]
[WhiteElo "2469"]
[BlackElo "2564"]
[PlyCount "112"]
[EventDate "2025.05.17"]
[EventType "swiss"]
[EventRounds "9"]
[EventCountry "UAE"]
[SourceTitle "CB22_2025"]
[SourceDate "2025.05.28"]
[SourceVersion "1"]
[SourceVersionDate "2025.05.28"]
[SourceQuality "1"]

1. e4 c5 2. Nf3 Nc6 3. d4 cxd4 4. Nxd4 Nf6 5. Nc3 e5 6. Ndb5 d6 7. Nd5 Nxd5 8. exd5 Nb8 9. Qf3 a6 10. Qa3 Be7 11. Bg5 f6 12. Bd2 0-0 13. Bb4 Qd7 14. 0-0-0 b6 15. Nc3 Ra7 16. f4 exf4 17. Bd3 a5 18. Nb5 Ba6 19. Bxd6 Bxd6 20. Nxd6 Bxd3 21. Rxd3 Na6 22. Rd4 Nb4 23. Nc4 b5 24. Nxa5 Nc6 25. dxc6 Qxd4 26. Qb3+ Kh8 27. Qxb5 Re8 28. a4 Rae7 29. Kb1 Qd2 30. Nc4 Qxg2 31. Rd1 f3 32. Nd6 f2 33. c7 Re1 34. Ka2 f1Q 35. Nf7+ Kg8 36. Qb3 R1e6 37. Nd6 Qh3 38. Rd3 Qfxd3 39. cxd3 Kf8 40. c8Q Rxc8 41. Nxc8 Ra6 42. Nb6 Qe3 43. Qb4+ Qe7 44. Nd7+ Kf7 45. Nc5 Ra7 46. Qc4+ Kg6 47. Qg4+ Kf7 48. Qc4+ Kg6 49. d4 Qe3 50. d5 Qe5 51. h4 Kh6 52. b4 Re7 53. a5 Qe3 54. Ne6 Rd7 55. a6 Qd2+ 56. Ka3 Qxd5 1-0

[Event "Sharjah Masters-A 8th"]
[Site "Sharjah"]
[Date "2025.05.23"]
[Round "7"]
[White "Sargissian, Gabriel"]
[Black "Ilamparthi, AR."]
[Result "1/2-1/2"]
[WhiteElo "2641"]
[BlackElo "2469"]
[PlyCount "75"]
[EventDate "2025.05.17"]
[EventType "swiss"]
[EventRounds "9"]
[EventCountry "UAE"]
[SourceTitle "CB22_2025"]
[SourceDate "2025.05.28"]
[SourceVersion "1"]
[SourceVersionDate "2025.05.28"]
[SourceQuality "1"]

1. Nf3 f5 2. c4 Nf6 3. g3 g6 4. Bg2 Bg7 5. 0-0 0-0 6. d4 d6 7. Nc3 c6 8. Qb3 Kh8 9. Rd1 Qc7 10. d5 Nbd7 11. Be3 Ng4 12. Bd4 Nde5 13. h3 Nf6 14. c5 Nxf3+ 15. exf3 dxc5 16. Bxc5 cxd5 17. Qa3 Re8 18. f4 Be6 19. Rac1 Qd7 20. Bf1 Rec8 21. Bb5 Qd8 22. Bxe7 Qb6 23. Bxf6 Bxf6 24. Bf1 d4 25. Na4 Qd8 26. Nc5 Bd5 27. Nd3 Be4 28. Ne5 Qe7 29. Qxe7 Bxe7 30. Bd3 Rxc1 31. Rxc1 Bf6 32. Bxe4 fxe4 33. Re1 d3 34. Kf1 Bxe5 35. fxe5 Rc8 36. e6 Kg7 37. e7 Kf7 38. Rxe4 1/2-1/2

[Event "Sharjah Masters-A 8th"]
[Site "Sharjah"]
[Date "2025.05.20"]
[Round "4"]
[White "Ilamparthi, AR."]
[Black "Azarov, Sergei Nikolaevich"]
[Result "1/2-1/2"]
[WhiteElo "2469"]
[BlackElo "2596"]
[PlyCount "117"]
[EventDate "2025.05.17"]
[EventType "swiss"]
[EventRounds "9"]
[EventCountry "UAE"]
[SourceTitle "CB22_2025"]
[SourceDate "2025.05.28"]
[SourceVersion "1"]
[SourceVersionDate "2025.05.28"]
[SourceQuality "1"]

1. e4 e5 2. Nf3 Nc6 3. Bc4 Bc5 4. c3 Nf6 5. d4 exd4 6. b4 Bb6 7. e5 d5 8. exf6 dxc4 9. Qe2+ Be6 10. b5 Nb4 11. cxb4 Qxf6 12. 0-0 0-0 13. a4 a6 14. a5 Ba7 15. Na3 c3 16. Bg5 Qf5 17. Rad1 Rfe8 18. Rfe1 h6 19. Bc1 Bd7 20. Qf1 Rxe1 21. Qxe1 Re8 22. Qf1 Bxb5 23. Nxb5 Qxb5 24. Qxb5 axb5 25. Kf1 c5 26. bxc5 Bxc5 27. Nxd4 Rd8 28. Be3 c2 29. Rc1 Bxd4 30. Bxd4 Rxd4 31. Rxc2 Ra4 32. Rc7 Rxa5 33. Rxb7 g5 34. Ke2 h5 35. h3 Kg7 36. Rb6 Ra2+ 37. Kf3 Rb2 38. g4 h4 39. Kg2 Rb3 40. Kh2 Rb4 41. Kg2 Kf8 42. Rb7 Ke8 43. Kg1 Rb3 44. Kg2 f6 45. Kh2 Rb2 46. Kg2 Rb4 47. Kg1 Rb3 48. Kg2 b4 49. Kh2 Kd8 50. Kg2 Ke8 51. Kh2 Rb1 52. Kg2 Rb2 53. Kf3 b3 54. Rb6 Ke7 55. Ke4 Re2+ 56. Kf3 Rb2 57. Ke4 Kf7 58. Kf3 Ke7 59. Ke4 1/2-1/2

[Event "Asia-ch"]
[Site "Al Ain"]
[Date "2025.05.11"]
[Round "5"]
[White "Nguyen, Ngoc Truong Son"]
[Black "Ilamparthi, AR."]
[Result "1/2-1/2"]
[WhiteElo "2632"]
[BlackElo "2469"]
[PlyCount "73"]
[EventDate "2025.05.07"]
[EventType "swiss"]
[EventRounds "9"]
[EventCountry "UAE"]
[SourceTitle "CB21_2025"]
[SourceDate "2025.05.21"]
[SourceVersion "1"]
[SourceVersionDate "2025.05.21"]
[SourceQuality "1"]

1. d4 d5 2. c4 e6 3. Nc3 c5 4. cxd5 cxd4 5. Qa4+ Bd7 6. Qxd4 exd5 7. Nf3 Nf6 8. g3 Nc6 9. Qd1 Qb6 10. Bg2 d4 11. Na4 Qa6 12. b3 b5 13. Nb2 Bb4+ 14. Bd2 Bc3 15. Qc1 Ne4 16. Bxc3 dxc3 17. Nd1 0-0 18. 0-0 b4 19. a3 Qxe2 20. axb4 Nd2 21. Nxd2 cxd2 22. Qc3 Ne5 23. Ra2 Rac8 24. Qxd2 Qxd2 25. Rxd2 Be6 26. f4 Nc6 27. b5 Na5 28. b4 Nc4 29. Rd3 g6 30. Nf2 Rfd8 31. Ra1 Rxd3 32. Nxd3 Nd6 33. Nc5 Nxb5 34. Bf1 Rb8 35. Ra5 Nd4 36. b5 Bf5 37. Rxa7 1/2-1/2

[Event "Asia-ch"]
[Site "Al Ain"]
[Date "2025.05.10"]
[Round "4"]
[White "Ilamparthi, AR."]
[Black "Grebnev, Aleksey"]
[Result "0-1"]
[WhiteElo "2469"]
[BlackElo "2556"]
[PlyCount "90"]
[EventDate "2025.05.07"]
[EventType "swiss"]
[EventRounds "9"]
[EventCountry "UAE"]
[SourceTitle "CB21_2025"]
[SourceDate "2025.05.21"]
[SourceVersion "1"]
[SourceVersionDate "2025.05.21"]
[SourceQuality "1"]

1. e4 c5 2. Nf3 d6 3. d4 cxd4 4. Nxd4 Nf6 5. Nc3 a6 6. Be3 e5 7. Nb3 Be6 8. h3 Be7 9. Qf3 Nbd7 10. 0-0-0 Nb6 11. g4 Rc8 12. Nd5 Nbxd5 13. exd5 Qc7 14. c3 e4 15. Qe2 Nxd5 16. Bd2 Nb6 17. Bg2 Bc4 18. Qxe4 Bd5 19. Qxd5 Nxd5 20. Bxd5 0-0 21. Bf4 Qd7 22. Rd3 Qb5 23. Rhd1 a5 24. Kb1 a4 25. Nc1 Bf6 26. Kc2 a3 27. Bb3 axb2 28. Ne2 Rfe8 29. Be3 Qa5 30. Kxb2 b5 31. Nd4 b4 32. cxb4 Qxb4 33. Kb1 h6 34. Nf5 d5 35. Bd4 Bxd4 36. Rxd4 Qb6 37. Rxd5 Rc3 38. Nd4 Rxh3 39. Rd7 Rxb3+ 40. axb3 Qg6+ 41. Nc2 Qxg4 42. b4 h5 43. R7d4 Qf3 44. R1d2 Qb3+ 45. Kc1 Rc8 0-1

[Event "Asia-ch Blitz"]
[Site "Al Ain"]
[Date "2025.05.10"]
[Round "4"]
[White "Ilamparthi, AR."]
[Black "Jumabayev, Rinat"]
[Result "1/2-1/2"]
[WhiteElo "2469"]
[BlackElo "2551"]
[PlyCount "130"]
[EventDate "2025.05.10"]
[EventType "swiss (blitz)"]
[EventRounds "9"]
[EventCountry "UAE"]
[SourceTitle "CB20_2025"]
[SourceDate "2025.05.14"]
[SourceVersion "1"]
[SourceVersionDate "2025.05.14"]
[SourceQuality "1"]

1. e4 e6 2. d4 d5 3. exd5 exd5 4. Nf3 Nc6 5. Bd3 Bg4 6. c3 Bd6 7. 0-0 Nge7 8. b4 a6 9. Nbd2 Bf5 10. Bxf5 Nxf5 11. Re1+ Nce7 12. Ne5 0-0 13. Qg4 Qc8 14. Ndf3 Ng6 15. Qh5 Bxe5 16. dxe5 Nfe7 17. Bg5 Nc6 18. Bf6 h6 19. Nh4 Nxh4 20. Bxh4 Qe6 21. Re3 Kh7 22. Rae1 Rae8 23. f4 Ne7 24. Bxe7 Qxe7 25. f5 Qg5 26. Qf3 c6 27. g3 g6 28. f6 h5 29. h4 Qg4 30. Qxg4 hxg4 31. Kf2 Re6 32. Ke2 b6 33. Kd3 c5 34. bxc5 bxc5 35. c4 d4 36. Re4 Rfe8 37. R1e2 Kh6 38. Re1 a5 39. R1e2 a4 40. Re1 Kh5 41. R1e2 a3 42. Re1 Rb8 43. R4e2 Rbe8 44. Re4 Rb8 45. R4e2 Rb4 46. Rc2 Rb7 47. Rce2 Rb8 48. Rd2 Rbe8 49. Rde2 g5 50. hxg5 Kxg5 51. Re4 Rh8 52. R4e2 Rh3 53. Rg2 Rh6 54. Rf2 Rh8 55. Rfe2 Rb8 56. Rf2 Rbe8 57. Rfe2 Rh8 58. Rf2 Rb8 59. Rfe2 Rb4 60. Rc2 Rb8 61. Rce2 Rbe8 62. Re4 Rh8 63. R4e2 Rh3 64. Rg2 Rh8 65. Rge2 Rhe8 1/2-1/2

[Event "Asia-ch"]
[Site "Al Ain"]
[Date "2025.05.09"]
[Round "3"]
[White "Pranesh, Munirethinam"]
[Black "Ilamparthi, AR."]
[Result "1/2-1/2"]
[WhiteElo "2576"]
[BlackElo "2469"]
[PlyCount "80"]
[EventDate "2025.05.07"]
[EventType "swiss"]
[EventRounds "9"]
[EventCountry "UAE"]
[SourceTitle "CB21_2025"]
[SourceDate "2025.05.21"]
[SourceVersion "1"]
[SourceVersionDate "2025.05.21"]
[SourceQuality "1"]

1. e4 e5 2. Nf3 Nc6 3. Bb5 a6 4. Ba4 Nge7 5. 0-0 Ng6 6. d4 exd4 7. Bb3 Be7 8. Nxd4 Nxd4 9. Qxd4 0-0 10. Nc3 d6 11. Nd5 b5 12. c3 c6 13. Nxe7+ Qxe7 14. f4 c5 15. Qf2 c4 16. Bc2 f5 17. Re1 Qf7 18. a4 fxe4 19. axb5 d5 20. Qb6 Qb7 21. Qxb7 Bxb7 22. bxa6 Rxa6 23. Rxa6 Bxa6 24. Rd1 Bb7 25. g3 h5 26. b3 cxb3 27. Bxb3 Rc8 28. Bd2 Ne7 29. Be1 Kf7 30. Ra1 Bc6 31. Bf2 Rb8 32. Bd1 g6 33. Bc5 Nf5 34. g4 hxg4 35. Bxg4 Rb5 36. Ra7+ Ke6 37. Bd4 Rb1+ 38. Kg2 Rb2+ 39. Kg1 Rb1+ 40. Kf2 Rb2+ 1/2-1/2

[Event "Asia-ch"]
[Site "Al Ain"]
[Date "2025.05.07"]
[Round "1"]
[White "Muhammed, Shuaau"]
[Black "Ilamparthi, AR."]
[Result "0-1"]
[WhiteElo "2082"]
[BlackElo "2469"]
[PlyCount "70"]
[EventDate "2025.05.07"]
[EventType "swiss"]
[EventRounds "9"]
[EventCountry "UAE"]
[SourceTitle "CB21_2025"]
[SourceDate "2025.05.21"]
[SourceVersion "1"]
[SourceVersionDate "2025.05.21"]
[SourceQuality "1"]

1. e4 e5 2. Nf3 Nc6 3. Bb5 a6 4. Ba4 Nf6 5. 0-0 d6 6. c3 Bd7 7. Bc2 g6 8. h3 Bg7 9. d4 0-0 10. Be3 Nh5 11. Nbd2 Qe8 12. Re1 Kh8 13. Nf1 Rd8 14. g4 Nf6 15. Ng3 Ng8 16. Qd2 Nce7 17. Kg2 f5 18. gxf5 gxf5 19. exf5 Nxf5 20. Bg5 Nxg3 21. fxg3 Qh5 22. Nh4 Rde8 23. Kh2 Bc6 24. g4 Qf7 25. Nf5 Bf6 26. Bxf6+ Nxf6 27. dxe5 dxe5 28. Rf1 Rd8 29. Qh6 Qg6 30. Qe3 Rde8 31. c4 Nxg4+ 32. hxg4 Qxg4 33. Qg3 Qh5+ 34. Qh4 Rxf5 35. Qxh5 Rxh5+ 0-1

[Event "Baku op-A"]
[Site "Baku"]
[Date "2025.05.06"]
[Round "9"]
[White "Ilamparthi, AR."]
[Black "Rustamov, Rustam"]
[Result "1/2-1/2"]
[WhiteElo "2469"]
[BlackElo "2323"]
[PlyCount "57"]
[EventDate "2025.04.28"]
[EventType "swiss"]
[EventRounds "9"]
[EventCountry "AZE"]
[SourceTitle "CB19_2025"]
[SourceDate "2025.05.07"]
[SourceVersion "1"]
[SourceVersionDate "2025.05.07"]
[SourceQuality "1"]

1. e4 c5 2. Nf3 d6 3. d4 cxd4 4. Nxd4 Nf6 5. Nc3 e5 6. Bb5+ Nbd7 7. Nf5 a6 8. Ba4 b5 9. Bb3 Nc5 10. Bg5 Bxf5 11. exf5 Be7 12. Bxf6 Bxf6 13. Qf3 0-0 14. 0-0-0 b4 15. Ne4 Nxe4 16. Qxe4 a5 17. h4 h6 18. Kb1 a4 19. Bd5 Rb8 20. Rd3 Rb5 21. Bc4 Rc5 22. b3 axb3 23. cxb3 Ra5 24. Rhd1 Qa8 25. Bd5 Qa7 26. R1d2 Rc8 27. Bc4 Ra8 28. a4 bxa3 29. Ka2 1/2-1/2

[Event "Baku op-A"]
[Site "Baku"]
[Date "2025.04.30"]
[Round "3"]
[White "Ilamparthi, AR."]
[Black "Muradli, Mahammad"]
[Result "0-1"]
[WhiteElo "2469"]
[BlackElo "2603"]
[PlyCount "96"]
[EventDate "2025.04.28"]
[EventType "swiss"]
[EventRounds "9"]
[EventCountry "AZE"]
[SourceTitle "CB19_2025"]
[SourceDate "2025.05.07"]
[SourceVersion "1"]
[SourceVersionDate "2025.05.07"]
[SourceQuality "1"]

1. e4 c5 2. Nf3 d6 3. d4 cxd4 4. Nxd4 Nf6 5. Nc3 a6 6. Bg5 e6 7. f4 Be7 8. e5 dxe5 9. fxe5 Nd5 10. Bxe7 Qxe7 11. Nf5 exf5 12. Nxd5 Qh4+ 13. g3 Qe4+ 14. Kf2 0-0 15. Bg2 Qc4 16. Ne3 Qb5 17. Qd5 Nc6 18. Qxb5 axb5 19. Rhd1 Be6 20. Rd6 Ra6 21. Bxc6 Rxc6 22. Rad1 Rc5 23. Rb6 g5 24. Rd4 Rxe5 25. Rb4 f4 26. gxf4 gxf4 27. Rxf4 Rd8 28. Rf3 Rd2+ 29. Kg3 Rg5+ 30. Kf4 Rh5 31. Rg3+ Kf8 32. Rxb7 Rdxh2 33. b3 Rc5 34. Ke4 Rd2 35. Rg1 h5 36. b4 Rc3 37. Re1 Bd7 38. Ke5 Rc8 39. Kf6 Re8 40. Kg5 Rd4 41. Rd1 Re5+ 42. Kf6 Re6+ 43. Kg5 Rg6+ 44. Kxh5 Bg4+ 45. Nxg4 Rxd1 46. Rxf7+ Kxf7 47. Ne5+ Kg7 48. Nxg6 Rd5+ 0-1

[Event "Baku op-A"]
[Site "Baku"]
[Date "2025.04.29"]
[Round "2"]
[White "Senthil, Maran K"]
[Black "Ilamparthi, AR."]
[Result "0-1"]
[WhiteElo "2355"]
[BlackElo "2469"]
[PlyCount "170"]
[EventDate "2025.04.28"]
[EventType "swiss"]
[EventRounds "9"]
[EventCountry "AZE"]
[SourceTitle "CB19_2025"]
[SourceDate "2025.05.07"]
[SourceVersion "1"]
[SourceVersionDate "2025.05.07"]
[SourceQuality "1"]

1. d4 d5 2. Nf3 Nc6 3. Bf4 Bg4 4. e3 e6 5. h3 Bh5 6. Be2 Bd6 7. Bxd6 cxd6 8. Nbd2 Nf6 9. c4 0-0 10. 0-0 Rc8 11. Rc1 dxc4 12. Nxc4 b5 13. Ncd2 Qa5 14. a4 bxa4 15. Ra1 Rb8 16. Qxa4 Qxa4 17. Rxa4 Rxb2 18. Rc1 Nb4 19. Rb1 Rxb1+ 20. Nxb1 Nc6 21. Bb5 Bxf3 22. gxf3 Ne7 23. Rxa7 Nf5 24. Nc3 Nh4 25. f4 h6 26. Bc6 d5 27. Kf1 Kh7 28. Ra8 Rxa8 29. Bxa8 Ne8 30. Bc6 Nd6 31. Ke2 Kg6 32. Ba4 Kh5 33. Kf1 Nc4 34. Bd1+ Kg6 35. Bc2+ Kf6 36. Ke2 Ke7 37. Bd3 Nd6 38. Na4 f6 39. Nc5 Nf7 40. Bc2 g5 41. Nd3 Kd6 42. Bb3 Ng6 43. Kf3 gxf4 44. Nxf4 Ng5+ 45. Kg4 f5+ 46. Kg3 Ne4+ 47. Kf3 Nxf4 48. Kxf4 Nxf2 49. h4 Nd3+ 50. Kf3 Nb4 51. Kf4 Nc6 52. Ba4 Ne7 53. Be8 Ng8 54. Ba4 Nf6 55. Bd1 Ne4 56. Ba4 Ke7 57. Bb5 Kf6 58. Bd7 Nf2 59. Kf3 Nd3 60. Ke2 Nb2 61. Kf3 Ke7 62. Bb5 Kd6 63. Kf4 Nc4 64. Ba4 Kc7 65. Bb5 Kd6 66. Ba4 Ke7 67. Bb5 Kf6 68. Bd7 Nb6 69. Bb5 Nc8 70. Ba4 Ne7 71. Be8 Ng6+ 72. Kg3 f4+ 73. exf4 Ne7 74. Bb5 Nf5+ 75. Kg4 Nxd4 76. Bd3 Nf5 77. h5 Ng7 78. Bb1 Ke7 79. Bc2 Kd6 80. Bg6 Kc5 81. Kf3 Kd4 82. Ke2 Kc3 83. Kd1 d4 84. Bf7 d3 85. Bg6 Nf5 0-1

[Event "Pozarevac Rudar GM 04"]
[Site "Pozarevac"]
[Date "2025.04.14"]
[Round "9"]
[White "Sedlak, Nikola"]
[Black "Ilamparthi, AR."]
[Result "0-1"]
[WhiteElo "2452"]
[BlackElo "2474"]
[PlyCount "82"]
[EventDate "2025.04.07"]
[EventType "tourn"]
[EventRounds "9"]
[EventCountry "SRB"]
[EventCategory "6"]
[SourceTitle "CB20_2025"]
[SourceDate "2025.05.14"]
[SourceVersion "1"]
[SourceVersionDate "2025.05.14"]
[SourceQuality "1"]

1. d4 Nf6 2. Nf3 g6 3. Bg5 Bg7 4. Nbd2 c5 5. Bxf6 Bxf6 6. Ne4 Qb6 7. Nxf6+ Qxf6 8. c3 d6 9. e3 0-0 10. Be2 b6 11. a4 Nc6 12. 0-0 Bb7 13. Nd2 Rad8 14. Qb1 cxd4 15. exd4 e5 16. d5 Ne7 17. c4 Nf5 18. Nf3 a5 19. Bd3 Rc8 20. b4 Ba6 21. bxa5 bxa5 22. Qb6 Bxc4 23. Bxc4 Rxc4 24. Qxa5 Rc5 25. Qb4 Ne7 26. Nd2 Nxd5 27. Ne4 Qh4 28. Qe1 Rc6 29. Rd1 f5 30. Rxd5 Qxe4 31. Qxe4 fxe4 32. Rfd1 Rf6 33. a5 Kf7 34. Rb5 Rc2 35. Rb7+ Ke6 36. Rb6 Rfxf2 37. Rbxd6+ Kf5 38. Rf1 e3 39. Rxf2+ exf2+ 40. Kf1 e4 41. Rd5+ Kf6 0-1

[Event "Pozarevac Rudar GM 04"]
[Site "Pozarevac"]
[Date "2025.04.09"]
[Round "3"]
[White "Mrithyunjay, Mahadevan"]
[Black "Ilamparthi, AR."]
[Result "1-0"]
[WhiteElo "2285"]
[BlackElo "2474"]
[PlyCount "75"]
[EventDate "2025.04.07"]
[EventType "tourn"]
[EventRounds "9"]
[EventCountry "SRB"]
[EventCategory "6"]
[SourceTitle "CB20_2025"]
[SourceDate "2025.05.14"]
[SourceVersion "1"]
[SourceVersionDate "2025.05.14"]
[SourceQuality "1"]

1. e4 d6 2. d4 Nf6 3. Nc3 e5 4. Nge2 c6 5. h3 b5 6. a3 Be7 7. g4 0-0 8. Bg2 Nbd7 9. Ng3 exd4 10. Nce2 c5 11. e5 Nxe5 12. Bxa8 d5 13. f4 Nexg4 14. Bb7 Nf2 15. Kxf2 Bxb7 16. b4 Ne4+ 17. Kg2 Re8 18. Bb2 Nc3 19. Bxc3 dxc3 20. Kh2 d4 21. Rg1 Qd5 22. Qd3 Bf6 23. Rae1 Qc6 24. Nf5 c4 25. Qg3 g6 26. Nexd4 Qd7 27. Rxe8+ Qxe8 28. Nd6 Qd7 29. Nxb7 Qxd4 30. Nc5 a5 31. Qf3 Qd2+ 32. Rg2 Qc1 33. Nd7 Be7 34. Qe4 Bd6 35. Nf6+ Kh8 36. Nh5 Kg8 37. Qe8+ Bf8 38. Qe5 1-0

[Event "Pozarevac Rudar GM 03"]
[Site "Pozarevac"]
[Date "2025.04.04"]
[Round "7"]
[White "Ilamparthi, AR."]
[Black "Sedlak, Nikola"]
[Result "1/2-1/2"]
[WhiteElo "2502"]
[BlackElo "2449"]
[PlyCount "90"]
[EventDate "2025.03.30"]
[EventType "tourn"]
[EventRounds "9"]
[EventCountry "SRB"]
[EventCategory "6"]
[SourceTitle "CB15_2025"]
[SourceDate "2025.04.09"]
[SourceVersion "1"]
[SourceVersionDate "2025.04.09"]
[SourceQuality "1"]

1. e4 e6 2. d4 d5 3. exd5 exd5 4. Nf3 Nc6 5. Bd3 Bd6 6. 0-0 Nge7 7. Nc3 0-0 8. Nb5 Bf5 9. Nxd6 Qxd6 10. Be2 Ng6 11. Qd2 Rfe8 12. Bd1 Re4 13. c3 Rae8 14. Qg5 Qd7 15. h3 f6 16. Qg3 h5 17. Be3 h4 18. Qh2 R4e6 19. Nd2 Bd3 20. Bh5 Bxf1 21. Bxg6 Be2 22. Bxe8 Rxe8 23. Re1 Bd3 24. Qf4 Na5 25. Qxh4 Nc4 26. Nxc4 Bxc4 27. b3 Bd3 28. f3 Re6 29. Qf2 Qe8 30. Qd2 Bg6 31. Kf2 a5 32. c4 a4 33. cxd5 Rb6 34. Bf4 Qd7 35. Qa5 axb3 36. d6 b2 37. dxc7 Ra6 38. Qb4 Rc6 39. Kg3 b1Q 40. Rxb1 Bxb1 41. Qxb1 g5 42. Qg6+ Kh8 43. Qh6+ Kg8 44. Qg6+ Kh8 45. Qh6+ Kg8 1/2-1/2

[Event "Pozarevac Rudar GM 03"]
[Site "Pozarevac"]
[Date "2025.04.03"]
[Round "6"]
[White "Khodko, Yurii N"]
[Black "Ilamparthi, AR."]
[Result "1/2-1/2"]
[WhiteElo "2354"]
[BlackElo "2502"]
[PlyCount "66"]
[EventDate "2025.03.30"]
[EventType "tourn"]
[EventRounds "9"]
[EventCountry "SRB"]
[EventCategory "6"]
[SourceTitle "CB15_2025"]
[SourceDate "2025.04.09"]
[SourceVersion "1"]
[SourceVersionDate "2025.04.09"]
[SourceQuality "1"]

1. e4 c5 2. Nf3 Nc6 3. d4 cxd4 4. Nxd4 Nf6 5. Nc3 e5 6. Ndb5 d6 7. Bg5 a6 8. Na3 b5 9. Nd5 Be7 10. Bxf6 Bxf6 11. c3 Rb8 12. Nc2 Bg5 13. b4 Ne7 14. Nce3 Bxe3 15. Nxe3 Bb7 16. Qd3 Qc7 17. Rc1 Qc6 18. Be2 0-0 19. 0-0 Rfd8 20. Bf3 f5 21. c4 fxe4 22. cxb5 Qxb5 23. Bxe4 Bxe4 24. Qxe4 Qxb4 25. Qxb4 Rxb4 26. Rc7 Re8 27. Rd7 Rd4 28. Rc1 Kf7 29. Ra7 Ra4 30. Nf5 Kf6 31. Nxd6 Rd8 32. Nb7 Rd2 33. h3 Raxa2 1/2-1/2

[Event "Titled Tuesday intern op 11th Mar Early"]
[Site "Chess.com INT"]
[Date "2025.03.11"]
[Round "3"]
[White "Ilamparthi, AR."]
[Black "Carlsen, Magnus"]
[Result "1/2-1/2"]
[WhiteElo "2502"]
[BlackElo "2833"]
[PlyCount "144"]
[EventDate "2025.03.11"]
[EventType "swiss (blitz)"]
[EventRounds "11"]
[EventCountry "USA"]
[SourceTitle "CB12_2025"]
[SourceDate "2025.03.19"]
[SourceVersion "1"]
[SourceVersionDate "2025.03.19"]
[SourceQuality "1"]

1. e4 Nh6 2. d4 c6 3. Bxh6 gxh6 4. Nc3 Bg7 5. Nf3 d6 6. h3 Nd7 7. Bd3 c5 8. dxc5 Nxc5 9. Bb5+ Bd7 10. Bxd7+ Qxd7 11. Nd4 Ne6 12. Nf5 Bxc3+ 13. bxc3 Rc8 14. 0-0 Rxc3 15. Qh5 Qc6 16. Qh4 f6 17. Qh5+ Kd7 18. Qf7 Re8 19. Rad1 Ng5 20. Qg7 Nxe4 21. Rfe1 Qc5 22. Rxe4 Qxf5 23. Rde1 Rxc2 24. Rxe7+ Rxe7 25. Rxe7+ Kc6 26. Rc7+ Kd5 27. Rxc2 Qxc2 28. Qxb7+ Ke6 29. Qxa7 d5 30. a4 Qc4 31. a5 d4 32. Qb6+ Kf7 33. a6 d3 34. a7 d2 35. a8Q d1Q+ 36. Kh2 Qd7 37. Qab7 Qf4+ 38. Kg1 Qc1+ 39. Kh2 Qf4+ 40. Kg1 Qxb7 41. Qxb7+ Kg6 42. Qb1+ Qf5 43. Qe1 h5 44. Qe3 Qb1+ 45. Kh2 Qf5 46. h4 Qg4 47. g3 Qf5 48. Kg2 Qd5+ 49. Kg1 Kf5 50. Qe2 Kg6 51. Qe3 Kf7 52. Qh6 Qf5 53. Qe3 Qb1+ 54. Kg2 Qb7+ 55. Kh2 Qd5 56. Qh6 Qf5 57. Qe3 Qe5 58. Qa7+ Kg6 59. Kg2 Qe4+ 60. Kg1 Qe1+ 61. Kg2 Qe6 62. Qc5 f5 63. Qd4 Qe4+ 64. Qxe4 fxe4 65. Kf1 Kf5 66. Ke2 Ke5 67. Ke3 h6 68. Ke2 Kd4 69. Kd2 Kd5 70. Ke2 Kd4 71. Kd2 Kd5 72. Ke2 Kd4 1/2-1/2